Score 0/35 Timer 10:00
0 Plays Today
Villain Actor % Correct
JokerCesar Romero
82.6%
PenguinBurgess Meredith
80.4%
Catwoman (season 3)Eartha Kitt
75.9%
Riddler (seasons 1 & 3)Frank Gorshin
68.4%
Catwoman (season 1 & 2)Julie Newmar
64.5%
Egg HeadVincent Price
56.9%
Catwoman (1966 movie)Lee Meriwether
39.9%
Riddler (season 2)John Astin
37.3%
King TutVictor Buono
33.2%
Mr. Freeze (season 2)Otto Preminger
32.7%
Louie the LilacMilton Berle
30%
BookwormRoddy McDowall
28.8%
Ma ParkerShelley Winters
27.6%
Marsha, Queen of DiamondsCarolyn Jones
26.7%
ChandellLiberace
26.6%
The MinstrellVan Johnson
26.5%
ShameCliff Robertson
26.1%
The ArcherArt Carney
24.5%
Villain Actor % Correct
SirenJoan Collins
23.9%
Mad HatterDavid Wayne
22.8%
MinervaZsa Zsa Gabor
22.3%
Mr. Freeze (season 1)George Sanders
22.2%
Mr. Freeze (season 2)Eli Wallach
21.9%
Lady Pea SoupGlynis Johns
21.5%
False FaceMalachi Throne
19.7%
Black WidowTallulah Bankhead
18.5%
Zelda / Olga, Queen of the CossacksAnne Baxter
18.1%
Lola LasagneEthel Merman
17.6%
Lord FfoggRudy Vallee
14.8%
Clock KingWalter Slezak
14.3%
The PuzzlerMaurice Evans
14%
SandmanMichael Rennie
13.5%
Colonel GummRoger C Carmel
12.4%
Dr. CassandraIda Lupino
11.9%
Nora Clavicle aka Police WomanBarbara Rush
10.2%

You're not logged in!

Compare scores with friends on all Sporcle quizzes.
OR
Log In

Sporcle TV

Today on Sporcle TV


Watch our educational content, quiz creation guides, and fun videos on Sporcle TV.

Show Comments

Extras

Top Quizzes Today


Score Distribution

Your Account Isn't Verified!

In order to create a playlist on Sporcle, you need to verify the email address you used during registration. Go to your Sporcle Settings to finish the process.

Report this User

Report this user for behavior that violates our Community Guidelines.

Details: